Alphabets présents sur le logo de Wikipédia - Statistiques

Statistiques générales
  • Ce quiz a été pris 766 fois
  • Le résultat moyen est 9 sur 18
Réponses sur la Carte
Les réponses sont colorées sur une échelle allant du rouge au vert en fonction du pourcentage des utilisateurs qui les ont devinées à leur premier essai. Vous pouvez retrouver ces pourcentages ci-dessous.
 
Statistiques - réponses
Réponse % Correct
Grec
99%
Chinois
97%
Latin
96%
Arabe
94%
Gojūon (Japonais)
93%
Cyrillique
82%
Hangul (Coréen)
75%
Hébreu
56%
Thaï
53%
Devanagari (Sanskrit)
52%
Khmer
25%
Bengali
20%
Géorgien
19%
Arménien
18%
Tamoul
17%
Guèze (Éthiopien)
12%
Tibétain
5%
Kannada
1%
Aucun quiz correspondant
Distribution des résultats
% des personnes avec chaque résultat
Percentile par nombre de réponses
Votre historique - résultats
Vous n’avez pas pris ce quiz